Statistics for Nations - Continental Football Champions (men)

Click here to take the quiz!

General Stats

  • This quiz has been taken 59 times
  • The average score is 152 of 163

Answer Stats

COUNTRY% Correct
Argentina
100%
Brazil
100%
Egypt
100%
France
100%
Uruguay
100%
Chile
98%
Germany
98%
Italy
98%
Mexico
98%
Spain
98%
United States
98%
Australia
96%
Bolivia
96%
Colombia
96%
Paraguay
96%
Peru
96%
Portugal
96%
Algeria
94%
Cameroon
94%
Denmark
94%
England
94%
Greece
94%
Japan
94%
South Africa
94%
New Zealand
91%
Nigeria
91%
Canada
89%
DR Congo
89%
Iran
89%
Morocco
89%
Saudi Arabia
89%
South Korea
89%
Soviet Union
89%
Netherlands
87%
Costa Rica
85%
Ghana
85%
Ivory Coast
85%
Republic of the Congo
85%
Honduras
83%
Tunisia
83%
Iraq
81%
West Germany
81%
Czechoslovakia
79%
Guatemala
74%
Qatar
74%
Ethiopia
72%
Zambia
70%
Israel
68%
Sudan
68%
Haiti
66%
Kuwait
53%
Tahiti
34%

Score Distribution

Percentile by Number Answered

Percent of People with Each Score

Your Score History

You have not taken this quiz